Taylor Swift Typing Test - evermore - Statistics

General Stats
  • This quiz has been taken 79 times
  • The average score is 13 of 17
Answer Stats
track # answer % Correct
track 15 evermore (ft. Bon Iver)
93%
track 1 willow
88%
track 11 cowboy like me
83%
track 2 champagne problems
80%
bonus track right where you left me
80%
track 3 gold rush
78%
track 10 ivy
78%
bonus track it's time to go
76%
track 13 marjorie
76%
track 6 no body, no crime (ft. HAIM)
76%
track 5 tolerate it
76%
track 4 'tis the damn season
75%
track 8 dorothea
73%
track 9 coney island (ft. The National)
71%
track 7 happiness
69%
track 14 closure
63%
track 12 long story short
58%
No matching quizzes found
Score Distribution
Percent of People with Each Score
Percentile by Number Answered
Your Score History
You have not taken this quiz